| 000 | 00761nam a2200253Ia 4500 | ||
|---|---|---|---|
| 008 | 160418s9999 xx 000 0 und d | ||
| 020 | _a971-642-070-6 | ||
| 050 | _aFIL DS 675.8 | ||
| 050 | _b.R5Z35 2011 | ||
| 100 | _aZaide, Gregorio F. | ||
| 245 | _aJose Rizal : | ||
| 245 | _blife, works and writings of a genius, writer, scientist, and national hero / | ||
| 245 | _cGregorio F. Zaide, Sonia M. Zaide. | ||
| 250 | _a2nd Edition | ||
| 260 | _aQuezon City: | ||
| 260 | _bAll-Nations Pub. Co. Inc., | ||
| 260 | _c2011 | ||
| 300 | _a438 pages : | ||
| 300 | _billustrations ; | ||
| 300 | _c22 cm. | ||
| 500 | _aIncludes bibliographical references and index. | ||
| 650 | _aRizal, Jose P. -- Biography. | ||
| 650 | _xRizal, Jose P., 1861-1896. | ||
| 999 |
_c293658 _d293658 |
||